| 000 | 00901cam a22002777a 4500 | ||
|---|---|---|---|
| 003 | CHAP | ||
| 005 | 20220329141703.0 | ||
| 008 | 971013s r 00010 d | ||
| 010 | _a72184 | ||
| 011 | _a73156 | ||
| 035 | _a82713 | ||
| 040 | _cCHAP | ||
| 082 |
_a332.71 _bB3 |
||
| 110 |
_aBanco Nacional de Crédito Ejidal, S.A. de C.V. México _99881 |
||
| 245 | 1 | 4 | _aLas sociedades locales de crédito ejidal y los sistemas de explotación del ejido |
| 260 |
_aMéxico, D. F. : _bEl Banco, _c(s.a.) |
||
| 300 | _a67 p. | ||
| 590 |
_aBATCH-UPD _b10 _c20130110 _lUCH01 _h1845 |
||
| 590 |
_aBATCH-UPD _b10 _c20130410 _lUCH01 _h1215 |
||
| 590 |
_aBATCH-UPD _b10 _c20130914 _lUCH01 _h1102 |
||
| 590 |
_aCONVERSION _b10 _c20130109 _lUCH01 _h1339 |
||
| 650 | 1 | 4 |
_aCrédito agrícola _zMéxico. _929089 |
| 901 | _aBK | ||
| 942 | _cLIBRO | ||
| 949 |
_a332.71 B3 _bBC _cLIBRO _d33724002205553 _eLIBRO _h3223 _i82713 _si |
||
| 999 |
_c72184 _d72184 |
||